000 00663nam a2200265Ia 4500
005 20260324153406.0
008 008 260324s9999 xx 000 0 eng d
020 _a9780128180228
037 _aEBOOK
040 _aCRL
040 _beng
040 _cCRL
041 _2eng
041 _aeng
084 _qCRL
100 _aChristos N Markides
_91231280
245 0 _aPower Generation Technologies for Low-Temperature and Distributed Heat
260 _bElsevier
260 _c2023
650 _aEnergy
856 _uhttps://www.sciencedirect.com/science/book/9780128180228
942 _cEBOOK
999 _c1842740
_d1842740